| 000 | 00634cab a2200229 4500 | ||
|---|---|---|---|
| 001 | ABS57882 | ||
| 008 | 090401t1997 xxu||||| |||| 00| 0 eng d | ||
| 035 | _a(Sirsi) u82359 | ||
| 041 | _aeng | ||
| 100 | _aSpring, M. | ||
| 245 | _aRoyal standard | ||
| 260 | _c1997 | ||
| 350 | _a0 | ||
| 490 |
_aBuilding _v262(46) 21 November 1997, 16-18(3) |
||
| 520 | _aAn overview of the restoration of Windsor Castle, following the fire five years ago. Looks at construction challenges. | ||
| 650 | _aFIRE | ||
| 650 | _aRESTORATION | ||
| 650 | _aWINDSOR CASTLE | ||
| 690 |
_aRefurbishment _96264 |
||
| 942 | _n0 | ||
| 948 | _c26/11/1997 | ||
| 999 |
_c51983 _d51983 |
||